Представление документа в формате RUSMARC

ПолеНазваниеЗначение
  Тип записи c
  Библиографический уровень m
001 Контрольный номер RU/УОНБ/EK_N/675427033
005 Дата корректировки 20250520131117.7
010 Индекс ISBN __
9 Тираж 15000 экз.
013 Номер (ISMN) __
d Цена 60 к.
071 Издательские номер (звукозапись и ноты) 21
a Номер, присвоенный агентством 1064
100 Данные общей обработки __
a Данные общей обработки 20210527d1983 u y0rusy0103||||ca
101 Язык документа 0_
a Язык текста rus
f Язык титульного листа rus
102 Страна публикации __
a Страна публикации RU
125 Кодированные данные звукозаписи и нотных изданий __
a Форма изложения нотного текста с|
128 Кодированные данные (звукозаписи-физические характеристики) __
a Кодированные данные: Музыкальная форма и тональность или лад ccn
b Инструменты или голоса, необходимые для ансамблей (устаревшее) ka||
c Инструменты или голоса, рекомендуемые для солистов (устаревшее) vu||
200 Заглавие и сведения об ответственности 1_
a Заглавие Пора любви
b Общее обозначение материала Ноты
e Сведения, относящиеся к заглавию песни на стихи Г. Горбовского
e Сведения, относящиеся к заглавию для голоса в сопровожд. фп. (гитары)
210 Выходные данные 1_
a Место издания Ленинград
c Издательство Советский композитор
d Дата издания 1983
215 Физическое описание __
a Объем 39 с.
c Иллюстрации/тип воспроизводства портр.
d Формат 29 см
327 Примечание о содержании 11
a Примечание о содержании Содерж. : Соловьев-Седой В. Гроза весенняя. - Портнов Г. Старинные вальсы : из кф. "Вот такая музыка". - Колкер А. Ласточка : из кф. "Уходя - уходи". - Пожлаков С. Белый снег ; Пора любви. - Брицын А. Любовь и разлука. - Морозов А. Письмо из экспедиции ; В серый вечер дождевой ; Приходите ко мне.
464 Аналитический уровень _0
1 2001
a Гроза весенняя
e Гроза весенняя на нашей улице...
1 700 1
a Соловьев-Седой
b В.
1 702 1
a Горбовский
b Г.
4 520
464 Аналитический уровень _0
1 2001
a Старинные вальсы
e Давайте припомним, как вальс назывался...
e из кф. "Вот такая музыка"
1 700 1
a Портнов
b Г.
1 702 1
a Горбовский
b Г.
4 520
1 50010
a Вот такая музыка
464 Аналитический уровень _0
1 2001
a Ласточка
e Погостила ласточка, да недолго...
e из кф. "Уходя - уходи"
1 700 1
a Колкер
b А.
1 702 1
a Горбовский
b Г.
4 520
1 50010
a Уходя - уходи
464 Аналитический уровень _0
1 2001
a Белый снег
e Почему кончается любовь?..
1 700 1
a Пожлаков
b С.
1 702 1
a Горбовский
b Г.
4 520
464 Аналитический уровень _0
1 2001
a Любовь и разлука
e Потихоньку собираю - что поделать - чемодан...
1 700 1
a Брицын
b А.
1 702 1
a Горбовский
b Г.
4 520
464 Аналитический уровень _0
1 2001
a Письмо из экспедиции
e Нынче ночь сырая, ночь, как яма...
1 700 1
a Морозов
b А.
1 702 1
a Горбовский
b Г.
4 520
464 Аналитический уровень _0
1 2001
a Пора любви
e Не плачь ты, осень, безутешно...
1 700 1
a Пожлаков
b С.
1 702 1
a Горбовский
b Г.
4 520
464 Аналитический уровень _0
1 2001
a В серый вечер дождевой
e В серый вечер дождевой...
1 700 1
a Морозов
b А.
1 702 1
a Горбовский
b Г.
4 520
464 Аналитический уровень _0
1 2001
a Приходите ко мне
e Приходите ко мне ночевать...
1 700 1
a Морозов
b А.
1 702 1
a Горбовский
b Г.
4 520
512 Заглавие обложки 1_
a Заглавие обложки Пора любви
517 Другие варианты заглавия 1_
a Другие варианты заглавия Песни на стихи Г. Горбовского
606 Тематические рубрики 0_
a Основная рубрика Песни советских композиторов
610 Ключевые слова 0_
a Ключевые слова песни советских композиторов
686 Индексы других классификаций __
a Классификационный индекс 85.943.4-42-041(2)я43
2 Код системы rubbk
702 Вторичная интеллектуальная ответственность _1
a Фамилия Горбовский
b Имя (инициалы) Г. Я.
4 Код отношения 520
801 Источник записи _0
a Страна RU
b Организация Ульяновская ОНБ
c Дата составления 20210527
g Правила каталогизации PSBO
801 Источник записи _1
a Страна RU
b Организация Ульяновская ОНБ
c Дата составления 20210527
901 Тип документа __
t Тип документа m
909 Создатель записи __
a Создатель записи Грязнова И. Е.
938 Служебная информация __
a Имя БД noti
b Имя библиотеки УОНБ
c Имя АИБС МАРК-SQL
d Номер DOC_ID в БД 24015